000 00631nam a2200241 i 4500
001 C2-0286054
003 PPAK
005 20180728015608.0
008 080116s2007 nyu |||| ||||| | eng d
020 _a9780486454689
040 _aPPAK
_beng
_cPPAK
_erda
082 0 4 _a394.8
_223
090 0 0 _a394.8
_bHAM
_dG
100 1 _aHamilton, Joseph,
_eauthor
245 1 4 _aThe duelling handbook
264 1 _aNew York :
_bDover Publications ,
_c2007
300 _axix, 167 pages ;
_c22 cm
336 _2rdacontent
_atext
337 _2rdamedia
_aunmediated
338 _2rdacarrier
_avolume
650 1 0 _aDueling.
942 _ddc
_cB
999 _c91856
_d91856